A companion to Renaissance Drama (Record no. 231)
[ view plain ]
| 000 -LEADER | |
|---|---|
| fixed length control field | 00541 a2200193 4500 |
| 001 - CONTROL NUMBER | |
| control field | 066022 |
| 003 - CONTROL NUMBER IDENTIFIER | |
| control field | OSt |
| 005 - DATE AND TIME OF LATEST TRANSACTION | |
| control field | 20251212123443.0 |
| 008 - FIXED-LENGTH DATA ELEMENTS--GENERAL INFORMATION | |
| fixed length control field | |
| 082 ## - DEWEY DECIMAL CLASSIFICATION NUMBER | |
| Classification number | 822.308 |
| Item number | R29R |
| 100 1# - MAIN ENTRY--PERSONAL NAME | |
| Personal name | Kinney |
| 245 1# - TITLE STATEMENT | |
| Title | A companion to Renaissance Drama |
| Statement of responsibility, etc | by Arthur F. Kinney |
| 260 ## - PUBLICATION, DISTRIBUTION, ETC. (IMPRINT) | |
| Place of publication, distribution, etc | USA |
| Name of publisher, distributor, etc | Blackwell Publishing |
| Date of publication, distribution, etc | 2004 |
| 300 ## - PHYSICAL DESCRIPTION | |
| Extent | 744p. |
| 546 ## - LANGUAGE NOTE | |
| Language note | English |
| 690 ## - LOCAL SUBJECT ADDED ENTRY--TOPICAL TERM (OCLC, RLIN) | |
| Topical term or geographic name as entry element | English drama; England; English drama--Early modern and Elizabethan; Renaissance; Theater |
| 700 ## - ADDED ENTRY--PERSONAL NAME | |
| Relator code | Arthur F. |
| 942 ## - ADDED ENTRY ELEMENTS (KOHA) | |
| Source of classification or shelving scheme | Dewey Decimal Classification |
| Koha item type | Books |
| Withdrawn status | Lost status | Source of classification or shelving scheme | Damaged status | Not for loan | Collection code | Home library | Current library | Department | Date acquired | Source of acquisition | Coded location qualifier | Cost, normal purchase price | Inventory number(Invoice/Date) | Full call number | Barcode | Date last seen | Price effective from | Koha item type | Public note |
|---|---|---|---|---|---|---|---|---|---|---|---|---|---|---|---|---|---|---|---|
| Dewey Decimal Classification | General Text Book | Central University Of Rajasthan | Central University Of Rajasthan | English | 07/03/2012 | ENG | Rawat Jaip | 1174.00 | 1001/15-03-2010 | 822.308 R29R | 308 | 21/11/2024 | 02/09/2020 | Books | Blackwell, USA |
